000
00327nam a22001457a 4500
008
221025b ||||| |||| 00| 0 eng d
020
_a
087993350
041
_a
eng
080
_a
616.12
082
_a
616.12 FUR
100
_a
11.2
101
_a
KARDIO
245
_a
A PRACTICE OF CARDIAC PACING
_c
FURMAN S
942
_2
udc
_c
BK
999
_c
58666
_d
58666